[Event "Berlin op 7th"]
[Site "Berlin"]
[Date "2002.06.22"]
[Round "2"]
[White "Daum, Norman"]
[Black "Hedermann, Oliver"]
[Result "1-0"]
[WhiteElo "2004"]
[BlackElo "1771"]
[PlyCount "37"]
[EventDate "2002.06.21"]
[EventType "swiss"]
[EventRounds "5"]
[EventCountry "GER"]
[SourceTitle "EXT 2006"]
[Source "ChessBase"]
[SourceDate "2005.11.24"]
[SourceVersion "1"]
[SourceVersionDate "2005.11.24"]
[SourceQuality "1"]

1. e4 e5 2. f4 exf4 3. Nf3 d5 4. exd5 Qxd5 5. Nc3 Qd8 6. Bc4 Bd6 7. 0-0 Ne7 8. Ng5 Be6 9. Nxe6 fxe6 10. Bxe6 Bc5+ 11. Kh1 Qd6 12. Qg4 Nd7 13. Ne4 Qc6 14. Bxd7+ Qxd7 15. Qxd7+ Kxd7 16. Nxc5+ Kc6 17. Ne6 Kd6 18. Nxf4 Rhf8 19. b3 1-0